Score 0/27 Timer 05:00
3 Plays Today
Food/Beverage Source % Correct
Everlasting Gobstoppers Charlie and the Chocolate Factory
85.6%
ButterbeerHarry Potter and the Prisoner of Azkaban
81.7%
Duff BeerThe Simpsons
79.5%
Krabby Patty SpongeBob SquarePants
77.3%
Stay Puft MarshmallowsGhostbusters
54.9%
Pawtucket Patriot AleFamily Guy
52.2%
Cheesy Poofs South Park
41.8%
Roast BeastHow the Grinch Stole Christmas!
40.2%
Slurm Futurama
39.2%
Schweddy BallsSaturday Night Live
35.8%
VitameatavegaminI Love Lucy
27.6%
Lembas Lord of the Rings
22.9%
Pan-Galactic Gargle Blaster The Hitchhiker's Guide to the Galaxy
21.7%
Booty Sweat Energy DrinkTropic Thunder
20.8%
Food/Beverage Source % Correct
Nuka-ColaFallout
14.5%
Schotz BeerLaverne and Shirley
12%
Buzz BeerThe Drew Carey Show
11.7%
Victory Gin1984
11.4%
Brawndo: The Thirst MutilatorIdiocracy
9.8%
Gagh Star Trek
9%
Apollo candy barLost
8.1%
Moloko PlusA Clockwork Orange
5.7%
Subtraction StewThe Phantom Tollbooth
5.5%
Crunchy Frog Monty Python's Flying Circus
4.9%
Elsinore BeerStrange Brew
3.4%
Shmoo steakLi'l Abner
2.2%
SpooBabylon 5
0.9%

You're not logged in!

Compare scores with friends on all Sporcle quizzes.
OR
Log In

Sporcle TV

Today on Sporcle TV


Watch our educational content, quiz creation guides, and fun videos on Sporcle TV.

Show Comments

Extras

Top Quizzes Today


Score Distribution

Paid Content

Your Account Isn't Verified!

In order to create a playlist on Sporcle, you need to verify the email address you used during registration. Go to your Sporcle Settings to finish the process.

Report this User

Report this user for behavior that violates our Community Guidelines.

Details: